00465nam a22001697a 450000500170000001000150001702000260003203500140005803700130007208200170008510000160010224500470011825000060016526000450017127000580021630000210027420240903123629.0 aENG-141574 c750.00a9788192557013 aEN-125106 bDBAD/PUB a791.31954b1 aGupta,Jyoti aClassical Dances of India/cBy Gupta jyoti a1 aAllahbad (prayagraj)bTanmay Booksc2017 bAllahbad (Prayagraj)a5-A/8, Khusro Bagh Roade211001 a234p.c20cm(pbk)